[Event "79th ARM-ch 2019"]
[Site "Yerevan"]
[Date "2019.01.19"]
[Round "8"]
[White "Andriasian, Zaven"]
[Black "Ter-Sahakyan, Samvel"]
[Result "1/2-1/2"]
[WhiteElo "2604"]
[BlackElo "2574"]
[Annotator "TA"]
[PlyCount "78"]
[EventDate "2019.01.12"]
[EventType "tourn"]
[EventCountry "ARM"]
[SourceTitle "playchess.com"]
[Source "ChessBase"]
[SourceQuality "1"]

{[%evp 9,78,7,14,6,22,19,31,31,34,31,34,35,44,51,41,38,36,40,45,0,4,-16,-19,-21,0,0,0,-6,5,-1,0,-7,-8,-25,41,31,32,-53,0,-110,-110,-110,-110,-133,-162,-160,-94,-99,-110,-99,-100,-116,-106,-100,-93,-179,-184,-196,-207,-218,-227,-233,-214,-215,0,0,0,-208,0,0,0]} 1. e4 c6 2. Nc3 d5 3. Nf3 dxe4 4. Nxe4 Nf6 5. Ng3 c5 {LiveBook: 18 Games} 6. b3 {B11: Caro-Kann: Two Knights Variation} e6 7. Bb2 Nc6 8. Bb5 {White is slightly better.} Bd7 9. O-O Be7 10. Qe2 (10. d4 Nxd4 11. Nxd4 cxd4 12. Bxd7+ Qxd7 13. Qxd4 Qxd4 14. Bxd4 {½-½ (14) Felgaer,R (2579)-Peralta,F (2593) Buenos Aires 2012}) 10... O-O 11. Bxc6 Bxc6 12. Ne5 Be8 13. f4 Nd5 $146 ({Predecessor:} 13... b5) 14. Rae1 f6 15. Ng4 Bf7 16. d3 Qc7 17. f5 {Threatens to win with c4.} e5 18. Ne4 Be8 19. Rf3 Rd8 20. Qf2 b5 21. c4 Nf4 (21... bxc4 $11 22. dxc4 Nf4) 22. Qg3 $14 {Nexf6+! is the strong threat.} Qa5 23. a3 {[#]} ({Better is} 23. Bc3 $14 Qxa2 24. Bd2) 23... bxc4 (23... Nxd3 $1 $15 {[%mdl 512]} 24. Bc3 (24. b4 cxb4 25. Ngxf6+ Bxf6 $15) (24. Rxd3 Rxd3) 24... b4 25. Rxd3 bxc3 26. Rxd8 Bxd8 27. Qxc3 Qxc3 28. Nxc3 Ba5) 24. dxc4 {[#]} (24. bxc4 $11 {keeps the balance.} Bc6 25. Bxe5 $1 {[%mdl 512]} (25. Nxe5 fxe5 26. Bc3 Qc7 $11) 25... fxe5 26. Nxe5 Nxd3 27. Rxd3 (27. Nxd3 Bxe4 28. Rxe4 Bf6 $11) 27... Rxd3 28. Nxd3 Qxa3 29. Nef2) 24... Rd1 $3 $17 {[%mdl 512] ( -> ...Ne2+)} 25. Rfe3 {[#]} (25. Rxd1 Ne2+) 25... Qxe1+ $1 {[%mdl 576] Decoy} 26. Qxe1 (26. Rxe1 Ne2+) 26... Rxe1+ 27. Rxe1 Nd3 $36 {[%mdl 2048] Black is really pushing.} ({Black should play} 27... Bd7 28. Nef2 Bxf5) 28. Rb1 Bc6 29. Nc3 Rd8 30. Bc1 h5 31. Ne3 Nf4 32. g3 {[#]} (32. Rb2 $17 {was called for.}) 32... Rd3 $1 $19 33. gxf4 {aiming for Ncd5.} Rxc3 34. fxe5 fxe5 35. Bd2 Rd3 36. Bc1 Rc3 37. Bd2 $1 {[%cal Rd2c3]} Rd3 38. Bc1 $1 Rc3 $2 (38... Be4 $19 39. Rb2 Bg5) 39. Bd2 $1 $11 {[%cal Rd2c3]} Rd3 {Accuracy: White = 53%, Black = 59%.} 1/2-1/2

[Event "79th ARM-ch 2019"]
[Site "Yerevan"]
[Date "2019.01.19"]
[Round "8"]
[White "Pashikian, Arman"]
[Black "Petrosian, Tigran L."]
[Result "1/2-1/2"]
[WhiteElo "2599"]
[BlackElo "2598"]
[Annotator "TA"]
[PlyCount "21"]
[EventDate "2019.01.12"]
[EventType "tourn"]
[EventCountry "ARM"]
[SourceTitle "playchess.com"]
[Source "ChessBase"]
[SourceQuality "1"]

{[%evp 18,19,19,14]} 1. d4 d5 2. c4 c6 3. Nc3 Nf6 4. cxd5 cxd5 5. Bf4 Nc6 6. e3 a6 7. Bd3 Bg4 8. Nge2 e6 9. O-O Bd6 10. f3 {LiveBook: 109 Games. D10: Slav Defence: 3 cxd5 (without early Nf3) and 3 Nc3} {Predecessor:} Bh5 $146 11. Rc1 {½-½ (11) Braun,A (2581)-Malakhov,V (2666) Biograd 2018} 1/2-1/2

[Event "79th ARM-ch 2019"]
[Site "Yerevan"]
[Date "2019.01.19"]
[Round "8"]
[White "Sargsyan, Shant"]
[Black "Hakobyan, Aram"]
[Result "1/2-1/2"]
[WhiteElo "2486"]
[BlackElo "2545"]
[Annotator "TA"]
[PlyCount "36"]
[EventDate "2019.01.12"]
[EventType "tourn"]
[EventCountry "ARM"]
[SourceTitle "playchess.com"]
[Source "ChessBase"]
[SourceQuality "1"]

{[%evp 14,36,32,18,31,35,26,39,47,19,32,33,48,44,72,80,55,55,60,74,75,47,50,44,39]} 1. Nf3 g6 2. c4 Bg7 3. e4 e5 4. d4 exd4 5. Nxd4 Nc6 (5... Nf6 6. Nc3 O-O 7. Be2 Re8 8. f3 c6 9. Bg5 Qb6 10. Qd2 d5 11. cxd5 Nxe4 12. Nxe4 cxd5 13. Be3 dxe4 14. Nb5 Qf6 15. Nc7 Rd8 16. Bg5 Rxd2 17. Bxf6 {½-½ (72) Lenderman,A (2618)-So,W (2773) Saint Louis 2016}) 6. Be3 {A10: English Opening: Unusual Replies for Black} Qf6 7. Nxc6 bxc6 8. Nc3 {LiveBook: 4 Games} Qe7 9. Bd3 $146 ({Predecessor:} 9. Qd2 Nf6 10. Bd3 {½-½ (33) Wagenknecht,U (2215)-Essing,A (2179) Germany 2012}) 9... Nf6 10. O-O d6 11. f3 O-O 12. Qd2 Be6 13. Bg5 Rab8 14. b3 Rfe8 15. Rae1 Qf8 16. Kh1 Nd7 17. Be3 a5 18. f4 {[#] f5 is the strong threat.} f5 {Precision: White = 56%, Black = 69%.} 1/2-1/2

[Event "79th ARM-ch 2019"]
[Site "Yerevan"]
[Date "2019.01.20"]
[Round "9"]
[White "Petrosian, Tigran L."]
[Black "Andriasian, Zaven"]
[Result "0-1"]
[WhiteElo "2598"]
[BlackElo "2604"]
[Annotator "TA"]
[PlyCount "90"]
[EventDate "2019.01.12"]
[EventType "tourn"]
[EventCountry "ARM"]
[SourceTitle "playchess.com"]
[Source "ChessBase"]
[SourceQuality "1"]

{[%evp 19,90,11,16,0,4,0,5,0,38,13,27,0,22,-30,-20,-17,6,-15,0,0,0,0,0,0,0,-25,-29,-38,-15,-19,15,0,0,-8,-15,-19,0,0,0,-13,-15,-38,-19,-12,-20,-125,-141,-143,-54,-66,-75,-72,-70,-114,-127,-125,-127,-219,-224,-193,-216,-408,-396,-742,-730,-626,-227,-1067,-1001,-5569,-5527,-5515,-5506]} 1. Nf3 d5 2. g3 Bg4 3. Bg2 Nd7 4. O-O Ngf6 5. d3 e5 6. e4 {A07: Réti Opening: New York and Capablanca Systems} dxe4 7. dxe4 Be7 8. Nbd2 O-O 9. h3 Bh5 10. Qe2 $146 ({Predecessor:} 10. Qe1 c6 11. a4 Re8 12. Nc4 Bf8 13. Bg5 Qc7 14. a5 Bxf3 15. Bxf3 {1-0 (54) Vaganian,R (2642)-Rublevsky,S (2686) Mainz 2004}) 10... c6 {LiveBook: 17 Games} 11. a4 Qc7 12. Nc4 Rfe8 13. Bd2 a5 14. Rfd1 Bc5 15. Be1 b6 16. Kh1 (16. Bc3 $142) 16... h6 17. Kg1 Re6 18. Ncd2 Rae8 19. Nb3 Bf8 20. Bc3 Nc5 21. Nxc5 Bxc5 22. Re1 Nh7 23. Bd2 Rf6 24. Be3 Be7 25. Rad1 Nf8 26. Rd3 Ne6 27. Red1 Nc5 28. Bxc5 $1 Bxc5 29. Qd2 Qe7 30. Rf1 Bg6 31. Nh4 Bh7 32. b3 {[#]} (32. Qe2 $11 {remains equal.}) 32... g5 $1 $36 {[%cal Rg5h4][%mdl 2048] Black is in control.} 33. Rd7 Qf8 (33... Qe6 $17 34. Nf5 Bxf5 35. exf5 Qxf5) 34. Nf5 $1 $15 Bxf5 35. exf5 e4 {Threatens to win with ...e3.} 36. Qe2 Rxf5 37. Kh2 Re6 38. Qd2 {[#]} (38. h4 $17 Rd5 39. Rxd5 cxd5 40. c4) 38... Qg7 $1 $19 39. Rd8+ Kh7 40. Qd7 $2 (40. f4 gxf4 41. Rxf4 Rxf4 42. Qxf4) 40... Qe5 41. Rc8 $2 (41. Kh1) 41... Bxf2 42. Kh1 Bxg3 $2 (42... e3 {aiming for ...e2.} 43. Qd8 Rg6) 43. Qd8 $2 (43. Rf8 Kg6 44. Rxf7 Rxf1+ 45. Rxf1) 43... Kg6 {Black is clearly winning.} 44. Rc7 Rxf1+ 45. Bxf1 Qxc7 {Precision: White = 28%, Black = 44%.} 0-1

[Event "79th ARM-ch 2019"]
[Site "Yerevan"]
[Date "2019.01.20"]
[Round "9"]
[White "Petrosyan, Manuel"]
[Black "Martirosyan, Haik M."]
[Result "0-1"]
[WhiteElo "2579"]
[BlackElo "2607"]
[Annotator "TA"]
[PlyCount "64"]
[EventDate "2019.01.12"]
[EventType "tourn"]
[EventCountry "ARM"]
[SourceTitle "playchess.com"]
[Source "ChessBase"]
[SourceQuality "1"]

{[%evp 23,64,37,25,26,19,-2,28,16,19,5,32,-19,17,26,31,27,31,18,6,3,6,0,8,8,13,-131,-131,-503,-492,-451,-468,-754,-754,-739,-735,-716,-702,-997,-979,-29984,-29971,-29968,-29969]} 1. Nf3 Nf6 2. c4 g6 3. Nc3 Bg7 4. d4 O-O 5. g3 d6 6. Bg2 Nbd7 7. O-O e5 8. h3 c6 9. e4 Qa5 10. Re1 exd4 11. Nxd4 Ne5 12. Bf1 Qb6 {LiveBook: 11 Games. And now ...Qxd4! would win. E69: King's Indian: Fianchetto: 6...Nbd7 7 0-0 e5 8 e4 c6 9 h3} 13. Kg2 (13. Be3 c5 14. Nb3 Be6 15. Nd5 Bxd5 16. exd5 Rae8 17. Kg2 Re7 18. Qc2 Rfe8 19. Bd2 Qd8 20. a4 {0-1 (38) Howell,D (2676)-McShane,L (2640) London 2017}) 13... a6 $146 ({Predecessor:} 13... Re8 14. Be3 c5 15. Ndb5 Rd8 16. Bg5 Be6 17. Nd5 Bxd5 18. cxd5 a6 19. Nc3 Qxb2 20. Na4 Qd4 21. Qxd4 cxd4 22. Nb6 Rab8 23. Rab1 d3 24. f4 d2 25. Red1 Ned7 26. Nxd7 {½-½ (26) Gonda,L (2528)-Hebden,M (2426) Telford 2018}) 14. b3 Qc7 {The position is equal.} 15. a4 Re8 16. Be3 h5 {[%cal Bh7h5,Bh5h4][%mdl 32]} 17. f3 (17. Rc1 $14) 17... h4 {Strongly threatening ...hxg3.} 18. g4 d5 19. cxd5 cxd5 20. Rc1 Nc6 21. Nxc6 bxc6 22. exd5 Qg3+ 23. Kh1 cxd5 {Threatens to win with ...d4!} 24. Bg2 {[#]} (24. Bd4 $11 {keeps the balance.}) 24... Bxg4 $1 $17 {[%mdl 512]} 25. hxg4 $4 {[%mdl 8192]} (25. Ne2 $17 Bxf3 26. Nxg3 Bxd1 27. Rcxd1 hxg3 28. Bg1) (25. fxg4 Rxe3) 25... h3 $19 {[%csl Gh3][%cal Rg3g2]} 26. Bf1 {[#] Hoping for Rc2.} d4 $1 {[%mdl 512]} 27. Bd2 ({Don't play} 27. g5 Nh5 $19) (27. Bf2 $142 Qxf2 28. Ne4 Nxe4 29. Rxe4 Rxe4 30. fxe4) (27. Qxd4 Qxf3+) 27... dxc3 28. Bxc3 {[#]} Nxg4 $1 {[%mdl 512]} 29. fxg4 Bxc3 30. Rxe8+ Rxe8 31. Qd5 {[#]} Re2 $1 {[%mdl 512]} 32. Bxe2 Be5 {Precision: White = 27%, Black = 56%.} 0-1

[Event "79th ARM-ch 2019"]
[Site "Yerevan"]
[Date "2019.01.20"]
[Round "9"]
[White "Ter-Sahakyan, Samvel"]
[Black "Sargsyan, Shant"]
[Result "1/2-1/2"]
[WhiteElo "2574"]
[BlackElo "2486"]
[Annotator "TA"]
[PlyCount "71"]
[EventDate "2019.01.12"]
[EventType "tourn"]
[EventCountry "ARM"]
[SourceTitle "playchess.com"]
[Source "ChessBase"]
[SourceQuality "1"]

{[%evp 33,71,0,13,13,25,20,50,40,44,41,48,46,62,46,57,50,71,67,54,12,1,0,37,20,20,6,13,5,6,5,13,0,0,0,0,0,0,0,0,0]} 1. e4 e5 2. Nf3 Nc6 3. Bb5 a6 4. Ba4 Nf6 5. O-O Be7 6. Re1 (6. d3 d6 7. c3 O-O 8. Nbd2 Re8 9. Re1 Bf8 10. h3 h6 11. d4 b5 12. Bc2 Bb7 {½-½ (31) Yu,Y (2750)-Harikrishna,P (2758) Shenzhen 2017}) 6... b5 7. Bb3 d6 $146 ({Predecessor:} 7... O-O 8. h3 Bb7 9. c3 {1-0 (45) Kuhne,D (2323)-Tanti,J (1615) LSS email 2011}) 8. c3 O-O 9. h3 Bb7 10. d4 Re8 11. Nbd2 Bf8 12. a4 h6 13. Bc2 exd4 14. cxd4 Nb4 15. Bb1 c5 16. d5 Nd7 17. Ra3 c4 18. Ree3 {C92: Closed Ruy Lopez: 9...Be6, Karpov and Flohr-Zaitsev Variations} (18. axb5 axb5 19. Nd4 Rxa3 20. bxa3 Nd3 21. Bxd3 cxd3 22. Bb2 Nc5 23. Bc3 Qb6 24. Re3 Bc8 25. N4b3 Qa6 26. Bb4 Qa4 27. Qb1 f5 28. exf5 Rxe3 29. fxe3 Bxf5 30. Nd4 Bd7 31. N4f3 Bf5 {½-½ (31) Yu,Y (2750)-Harikrishna,P (2758) Shenzhen 2017}) 18... Nc5 19. b3 f5 20. bxc4 {White is slightly better.} bxc4 21. Rec3 fxe4 22. Rxc4 Nxd5 ({Predecessor:} 22... exf3 23. Rxb4 fxg2 24. Rxb7 Nxb7 25. Qc2 Re1+ 26. Kxg2 Rxc1 {1-0 (45) Kuhne,D (2323)-Tanti,J (1615) LSS email 2011}) 23. Nxe4 Nxe4 24. Rxe4 Rxe4 25. Bxe4 Nc3 $1 {[%cal Rc3d1]} 26. Rxc3 (26. Qb3+ {is more complex.} d5 27. Bd3 Qe7 28. Ra1 Qb4 29. Qc2) 26... Bxe4 27. Qd4 Bb7 28. Qc4+ d5 {The position is equal.} 29. Qd4 Rc8 30. Bb2 Rxc3 31. Bxc3 Qc7 32. Bb4 Qc1+ 33. Kh2 Qc7+ 34. Kg1 Qc1+ 35. Kh2 Qc7+ 36. Kg1 {Accuracy: White = 58%, Black = 89%.} 1/2-1/2

[Event "79th ARM-ch 2019"]
[Site "Yerevan"]
[Date "2019.01.20"]
[Round "9"]
[White "Hakobyan, Aram"]
[Black "Hovhannisyan, Robert"]
[Result "1/2-1/2"]
[WhiteElo "2545"]
[BlackElo "2637"]
[Annotator "TA"]
[PlyCount "104"]
[EventDate "2019.01.12"]
[EventType "tourn"]
[EventCountry "ARM"]
[SourceTitle "playchess.com"]
[Source "ChessBase"]
[SourceQuality "1"]

{[%evp 24,104,0,0,34,32,51,28,41,27,43,41,31,35,37,22,55,69,64,-20,-26,-69,-69,-69,-69,-67,-64,-56,-60,-56,0,-2,0,0,0,0,0,0,8,8,8,8,8,0,8,0,0,0,0,0,0,0,0,0,0,0,0,0,0,0,0,0,0,0,0,0,0,0,0,0,0,0,0,0,0,-29,-29,-29,-29,-29,-29,-29,0]} 1. d4 d5 2. c4 c6 3. Nf3 Nf6 4. Nc3 e6 5. Bg5 h6 6. Bh4 dxc4 7. e4 g5 8. Bg3 b5 9. h4 g4 {D43: Semi-Slav: 5 Bg5 h6} 10. Ne5 h5 (10... Bb7 11. Nxg4 Nbd7 12. Nxf6+ Nxf6 13. Qf3 Rg8 14. Rd1 Be7 15. Be2 a6 16. O-O Ng4 17. e5 {½-½ (30) Anton Guijarro,D (2627)-Vallejo Pons,F (2713) Linares 2016}) 11. Be2 b4 12. Na4 Nxe4 13. O-O {LiveBook: 5 Games} Nxg3 (13... Bg7 {keeps more tension.} 14. Bf4 Nd6 15. Rc1 Nf5 16. Rxc4 a5) 14. fxg3 Bg7 $1 15. Nxf7 Qxd4+ 16. Kh2 Qxd1 17. Raxd1 {[#]} O-O $146 18. Ng5 Nd7 19. Bxc4 Nb6 20. Nxb6 axb6 {[%cal Ba7b6,Bb6b5][%mdl 32]} 21. Rxf8+ (21. Rfe1 $1 $14) 21... Kxf8 $11 22. Rd6 b5 $1 {[%cal Rb5c4]} 23. Bxe6 Bxe6 24. Nxe6+ $15 {[%mdl 4096] Endgame KRB-KRN} Ke7 25. Rxc6 Bxb2 26. Nc5 $1 Rxa2 (26... Bc3 $15 27. Re6+ Kd8) 27. Re6+ $1 $11 Kf7 28. Re2 $1 Bd4 $1 29. Rxa2 Bxc5 {KR-KB} 30. Rc2 $1 {[%cal Rc2c5]} Bd6 31. Kg1 Ke6 32. Kf2 Kd5 {[#] Hoping for ...b3.} 33. Ke3 Bxg3 34. Rc8 Bxh4 35. Kd3 Be7 36. Rh8 h4 37. Rh5+ Kc6 38. Rh6+ Kd7 39. Rh5 g3 40. Ke2 Kc6 41. Kd3 Kd7 42. Ke2 Kc6 43. Kd3 Bd8 44. Rh8 Kd7 45. Rh5 Bf6 {[#] Strongly threatening ...b3.} 46. Rxb5 h3 47. Rxb4 h2 48. Rb7+ Ke6 49. Rh7 Kf5 {Black has an edge.} 50. Rh3 Kf4 51. Ke2 Bg5 52. Kd3 Bf6 {Accuracy: White = 81%, Black = 66%.} 1/2-1/2

[Event "79th ARM-ch 2019"]
[Site "Yerevan"]
[Date "2019.01.20"]
[Round "9"]
[White "Harutyunian, Tigran K."]
[Black "Pashikian, Arman"]
[Result "1/2-1/2"]
[WhiteElo "2542"]
[BlackElo "2599"]
[Annotator "TA"]
[PlyCount "34"]
[EventDate "2019.01.12"]
[EventType "tourn"]
[EventCountry "ARM"]
[SourceTitle "playchess.com"]
[Source "ChessBase"]
[SourceQuality "1"]

{[%evp 25,34,0,0,0,0,-14,-5,-2,-8,-11,0]} 1. d4 d5 2. c4 c6 3. cxd5 $146 ({Predecessor:} 3. Nc3 Nf6 4. cxd5 {½-½ (31) Andriasian,Z (2603)-Petrosian,T (2627) Dubai 2014}) 3... cxd5 4. Nc3 Nf6 5. Nf3 Nc6 6. Bf4 Bf5 7. e3 e6 8. Bd3 Bxd3 9. Qxd3 Bd6 10. Bxd6 Qxd6 11. O-O O-O 12. Rfc1 Rfc8 13. h3 h6 {The position is equal.} 14. Ne2 {D14: Slav Defence: Exchange variation with ...Bf5} Rc7 ({Predecessor:} 14... Ne7 15. Rxc8+ Rxc8 16. Rc1 Rxc1+ 17. Nxc1 Qc7 18. Ne2 Nc8 19. Qc3 Qxc3 20. Nxc3 Nd7 21. Kf1 Kf8 {½-½ (31) Andriasian,Z (2603)-Petrosian,T (2627) Dubai 2014}) 15. a3 Rac8 16. Rc2 Na5 17. Rac1 Rxc2 1/2-1/2